00299nam a2200121Ia 4500008004100000100003200041245002200073260002800095300000800123650002200131942000700153999001700160190216s9999||||xx |||||||||||||| ||und|| aVailoppilli Sreedhara Menon 0aVithum Kaikkottum bPhoenix House Ltdc1985 a95p aMalayalam Kavitha cBK c26330d26330